| 000 | 01026nam a2200313 i 4500 | ||
|---|---|---|---|
| 001 | 000009926 | ||
| 003 | DO-SdBNP | ||
| 005 | 20240412074214.0 | ||
| 006 | a||||gr|||| 00| 0 | ||
| 007 | ta | ||
| 008 | 091002e2000 dr a r 000 p spa d | ||
| 020 | _a9993400483 | ||
| 040 |
_aDO-SdBNP _bspa _cBNPHU _erda |
||
| 082 | 4 |
_aRD861.44 _bC679c _222 |
|
| 100 | 1 |
_aCoiscou Guzmán, Grey, _d1941- _924858 _eautor |
|
| 245 | 1 | 0 |
_aCartas a Massillón : _b30 poemas. / _cGrey Coiscou Guzmán. |
| 246 |
_aCartas a Massillón : _btreinta poemas |
||
| 264 |
_aSanto Domingo : _bCocolo, _c2000. |
||
| 300 |
_a95 páginas : _bILustraciones ; _c21 cm. |
||
| 336 |
_2rdacontent _atexto _btxt |
||
| 337 |
_2rdamedia _asin mediación _bn |
||
| 338 |
_2rdacarriel _avolumen _bnc |
||
| 500 | _aIncluye datos biográficos del autor en las solapas de la cubiertas. | ||
| 590 | _aInventariado, 2023 / MF | ||
| 650 | 0 |
_aPoesía dominicana _966 |
|
| 650 | 0 |
_aLiteratura dominicana. _967 |
|
| 910 | _aValidado. Control de calidad MFF | ||
| 942 |
_2ddc _cLBS1 |
||
| 999 |
_c9685 _d9685 |
||